000 00524nam a22001817a 4500
999 _c105005
_d105005
005 20181129160924.0
010 _aENG-116757
020 _a9789351658450
_c125.00
035 _aEN-100289
037 _bDBAD/PUB
082 _a158.1
100 _a Sinha,Surya
245 _aSelf victory is true victory /
_cby Surya Sinha
260 _aNew Delhi
_bDiamond Books
_c2015
270 _aX-30,Okhla Industrial Area, Phase-II
_bNew Delhi
_e110020
300 _a104p.
_c22cm(pbk)
942 _2ddc
_cEN
_h158.
_mSIN